| 000 | 00686cam a22002537a 4500 | ||
|---|---|---|---|
| 001 | 7100 | ||
| 003 | BD-DhEWU | ||
| 005 | 20140826150400.0 | ||
| 008 | 130206s2012 bg a g 000 0 eng d | ||
| 040 |
_aBD-DhEWU _bEnglish _cBD-DhEWU _dBD-DhEWU |
||
| 041 | _aeng | ||
| 082 | 0 | 4 |
_a610.7 _bMIM 2012 |
| 245 |
_aMIMS : _b2012 / _cEditor, Leong Wai Fun ... [et al.]. |
||
| 250 | _a26th ed. | ||
| 260 |
_aDhaka : _bBen Yeo, _cc2012 |
||
| 300 |
_av.444 p. : _bill. ; _c21 cm |
||
| 526 | _aPharmacy | ||
| 590 | _aSagar Shahanawaz | ||
| 650 |
_2Sears List _aMedicine _91137 |
||
| 650 | 7 |
_2Sears List _aTherapeutics _91138 |
|
| 653 | _aPopular medicine | ||
| 653 | _aDiseases | ||
| 942 |
_2ddc _cREF |
||
| 999 |
_c7100 _d7100 |
||